| 000 | 01378cam a2200373za 4500 | ||
|---|---|---|---|
| 001 | 85792 | ||
| 003 | SpMaBN | ||
| 005 | 20260310151453.0 | ||
| 007 | ta | ||
| 008 | 260310s2006 sp | ||| ||fre | ||
| 016 | 7 |
_abimoBNE20060978598 _2SpMaBN |
|
| 017 |
_aB 7636-2006 _bOficina Depósito Legal Barcelona |
||
| 020 | _a8434310813 | ||
| 035 | _a(OCoLC)733706743 | ||
| 035 | _a(SpMaBN)bimo0002134013 | ||
| 040 |
_aSpMaBN _bspa _cSpMaBN _erdc _dM-RABA |
||
| 080 | _a929 Fenosa, Apel·les | ||
| 080 | _a73 Fenosa, Apel·les | ||
| 245 | 0 | 0 |
_aDocuments Fenosa _h[Texto impreso] _cune sélection établie par = a choise realized by Nicole Fenosa, Bertrand Tillier |
| 260 |
_aBarcelona _b: Polígrafa _c, [2006] |
||
| 300 |
_a189 p. _b; principalmente il. _c, 28 cm |
||
| 500 | _aCronología: p. 182-1988. Índice | ||
| 546 | _aTexto en francés e inglés | ||
| 594 | _aEn la port.: Fundació Apel·les Fenosa | ||
| 600 | 1 | 7 |
_aFenosa, Apel·les _d1899-1988 _2embne _954337 |
| 700 | 1 |
_aFenosa, Nicole _940269 |
|
| 700 | 1 |
_aTillier, Bertrand _940270 |
|
| 852 |
_aM-RABA _jI-1818 |
||
| 942 |
_cFONDOMODER _n0 |
||
| 956 | _a2 | ||
| 980 |
_aB 7636-2006 _a84-343-1081-3 _aSpMaBN _bBNALCALA _j12/389328 _cSG_PETANTI |
||
| 980 |
_aB 7636-2006 _a84-343-1081-3 _aSpMaBN _bBNALCALA _cSG_PETANTI _jAHMO/225578 |
||
| 980 |
_aB 7636-2006 _a84-343-1081-3 _aSpMaBN _bBNALCALA _jDL/1508553 _cCONSERVACI |
||
| 999 |
_c85792 _d85792 |
||